Poemas de lo irremediable : (Record no. 195400)

MARC details
000 -LEADER
campo de control de longitud fija 01746nam a2200361 i 4500
001 - NÚMERO DE CONTROL
campo de control 195400
003 - IDENTIFICADOR DE NÚMERO DE CONTROL
campo de control SpMaBN
005 - FECHA Y HORA DE LA ÚLTIMA TRANSACCIÓN
campo de control 20250710063355.0
008 - DATOS DE LONGITUD FIJA--INFORMACIÓN GENERAL
campo de control de longitud fija 240606s2023 sp | |||| 000 spa
015 ## - NÚMERO DE BIBLIOGRAFÍA NACIONAL
Número de bibliografía nacional MON24
017 ## - NÚMERO DE COPYRIGHT O DE DEPÓSITO LEGAL
Número de copyright o de depósito legal B 14906-2023
020 ## - NÚMERO INTERNACIONAL ESTÁNDAR DEL LIBRO
Número Internacional Estándar del Libro 9788408276715
040 ## - FUENTE DE CATALOGACIÓN
Centro catalogador/agencia de origen SpMaBN
Lengua de catalogación spa
Centro/agencia transcriptor SpMaBN
Normas de descripción rda
Centro/agencia modificador ES-MaACL
100 1# - ENTRADA PRINCIPAL--NOMBRE DE PERSONA
9 (RLIN) 226511
Nombre de persona Gala, Antonio,
Fechas asociadas al nombre 1936-2023
Término indicativo de función/relación Autor
245 ## - MENCIÓN DEL TÍTULO
Título Poemas de lo irremediable :
Resto del título (inéditos 1947-1952) /
Mención de responsabilidad, etc. Antonio Gala ; edición de Luis Cárdenas García y Pedro J. Plaza González
250 ## - MENCION DE EDICION
Mención de edición Primera Edición: noviembre 2023
260 ## - PUBLICACIÓN, DISTRIBUCIÓN, ETC.
Lugar de publicación, distribución, etc. Barcelona :
Nombre del editor, distribuidor, etc. Editorial Planeta,
Fecha de publicación, distribución, etc. 2023.
300 ## - DESCRIPCIÓN FÍSICA
Extensión 286 páginas ;
Dimensiones 20 cm
336 ## - TIPO DE CONTENIDO
Término de tipo de contenido Texto
Fuente rdacontent
337 ## - TIPO DE MEDIO
Nombre/término del tipo de medio sin mediación
Fuente rdamedia
338 ## - TIPO DE SOPORTE
Nombre/término del tipo de soporte volumen
Fuente rdacarrier
520 ## - RESUMEN, ETC.
Sumario, etc. Antonio Gala dejó escritos, a lo largo de los años, unos poemas que ahora ven la luz a modo de homenaje póstumo a los grandes temas que siempre tuvo presentes en su literatura: el amor, el cuerpo, el placer y la muerte.<br/>Un libro imprescindible que nos descubre al poeta joven, lleno de espiritualidad, germen del gran autor cuyo legado permanecerá para siempre.
655 #7 - TERMINO DE INDIZACIÓN--GENERO/FORMA
Fuente del término tgfbne
9 (RLIN) 176539
Datos o término principal de género/forma Poesías
700 ## - ENTRADA AGREGADA--NOMBRE PERSONAL
Nombre de persona Cárdenas García, Luis
Término indicativo de función/relación Editor
9 (RLIN) 238808
700 ## - ENTRADA AGREGADA--NOMBRE PERSONAL
Nombre de persona Plaza González, Pedro J.
Término indicativo de función/relación Editor
9 (RLIN) 238809
852 ## - LOCALIZACIÓN
Ubicación ES-MaACL
Ubicación en estantería Depósito J
Número de control de estantería N-10017
Encuadernación Encuadernación cartoné con sobrecubiertas
Donativo/Legado Donación: Editorial
itemnumber 206164
942 ## - ELEMENTOS DE ENTRADA SECUNDARIOS (KOHA)
Tipo de ítem Koha Libro impreso
Suprimir en OPAC No
Holdings
Estatus retirado Estado de pérdida Fuente del sistema de clasificación o colocación Estado de daño No para préstamo Biblioteca de origen Biblioteca actual Ubicación en estantería Fecha de adquisición Fuente de adquisición Total de préstamos Signatura topográfica completa Código de barras Visto por última vez Precio de reemplazo Tipo de ítem Koha
    Clasificación decimal universal     Biblioteca del Ateneo de Madrid Biblioteca del Ateneo de Madrid Depósito J 07/07/2025 Donación   N-10017 2025-0556 07/07/2025 07/07/2025 Libro impreso